000 00360nam a2200133Ia 4500
005 20251222144748.0
008 251222s9999||||xx |||||||||||||| ||spa||
020 _a9972-57-099-1
082 _a658.51/F41
100 _aFernandez-Baca, Jorge
245 0 _aOrganización Industrial
264 _bCentro de Investigación Universidad del Pacífico
942 _cLIB
999 _c19234
_d19234